Logo BPK

Bibliografia Prac Pracowników

Politechniki Koszalińskiej

Wybrane problemy polityki społecznej na tle sytuacji demograficznej województwa koszalińskiego w latach 1970-1980 = (Rekord nr 5132)

Szczegóły MARC
000 -ETYKIETA REKORDU
podpole kontrolne o stałej długości 01344nab a2200241 i 4500
001 - NUMER KONTROLNY REKORDU
podpole kontrolne BPP
003 - IDENTYFIKATOR NUMERU KONTROLNEGO REKORDU
podpole kontrolne BPK
005 - DATA OSTATNIEJ MODYFIKACJI REKORDU
podpole kontrolne 20150903132210.0
008 - POLE O STAŁEJ DŁUGOŚCI - DANE KONTROLNE
podpole kontrolne o stałej długości 150903s1978 pl | | |000 ||pol
040 ## - ŹRÓDŁO KATALOGOWANIA
Instytucja, która utworzyła rekord BPK
041 ## - KOD JĘZYKA
Kod języka tekstu pol
Kod języka streszczenia lub abstraktu eng
080 ## - UNIWERSALNA KLASYFIKACJA DZIESIĘTNA - UKD
UKD 304:314
100 ## - NAZWA OSOBOWA
Nazwa osobowa ZDROJEWSKA, Barbara.
Lata pracy 1974 - 1996.
Instytucja Wyższa Szkoła Inżynierska w Koszalinie - Studium Nauk Społeczno-Politycznych
245 ## - TYTUŁ/ODPOWIEDZIALNOŚĆ
Tytuł Wybrane problemy polityki społecznej na tle sytuacji demograficznej województwa koszalińskiego w latach 1970-1980 =
Ciąg dalszy tytułu Selected problems of social politic in relation to demographic situation of Koszalin province circa 1970-1980 years /
Pozostałe elementy strefy tytułu i oznaczenia odpowiedzialności Barbara Zdrojewska, Eugeniusz Zdzisław Zdrojewski.
260 ## - STREFA ADRESU WYDAWNICZEGO
Data publikacji, dystrybucji/powstania dokumentu 1978.
500 ## - UWAGI OGÓLNE
Tekst uwagi Dane z autopsji.
520 ## - UWAGA DOTYCZĄCA TREŚCI DOKUMENTU
Analiza dokumentacyjna, adnotacja itp. Celem niniejszego artykułu jest przedstawienie niektórych problemów polityki społecznej (opieki nad dzieckiem w wieku 0-6 lat oraz ludźmi w wieku poprodukcyjnym) na tle struktury demograficznej województwa koszalińskiego (terytorialnej oraz według grup wieku ludności).
650 #0 - HASŁO PRZEDMIOTOWE W FORMIE NAZWY OGÓLNEJ LUB JEDNOSTKOWEJ
Nazwa ogólna lub geograficzna Polityka społeczna.
650 ## - HASŁO PRZEDMIOTOWE W FORMIE NAZWY OGÓLNEJ LUB JEDNOSTKOWEJ
Nazwa ogólna lub geograficzna Demografia.
650 #0 - HASŁO PRZEDMIOTOWE W FORMIE NAZWY OGÓLNEJ LUB JEDNOSTKOWEJ
Nazwa ogólna lub geograficzna Koszalin (woj. zachodniopomorskie).
773 ## - TYTUŁ DOKUMENTU MACIERZYSTEGO
Wyrażenie wprowadzające W :
Tytuł Zeszyty Naukowe Wyższej Szkoły Inżynierskiej w Koszalinie. Prace Studium Nauk Społeczno-Politycznych. -
Informacje dotyczące relacji 1978, nr 1, s. 155-169
942 ## - HASŁO DODATKOWE - ELEMENTY(KOHA)
Typ dokumentu Artykuł
Schemat klasyfikacji Uniwersalna klasyfikacja dziesiętna
Egzemplarze
Wycofany Zagubiony Uszkodzony Dostępność Lokalizacja stała Lokalizacja bieżąca Sygnatura Typ dokumentu
      Dostępny Bibliografia Prac Pracowników - BPK Bibliografia Prac Pracowników - BPK 0102 Artykuł
© 2014 Biblioteka Politechniki Koszalińskiej :: BIBLIOGRAFIA PRAC PRACOWNIKÓW